000 00624nam a2200253Ia 4500
008 210210b2011 xxu||||| |||| 00| 0 eng d
020 _a9780071074216
041 _aeng
082 _a658.8 GOLE
100 _aGOLDMAN (Aaron)
245 _aEverything I know about marketing I learned from Google
260 _aNew Delhi
_bTata McGraw Hill Education Pvt. Ltd.
_c2011
300 _ax,341
650 _amarketing
650 _alearned
650 _aknow
650 _ai
650 _agoogle
650 _afrom
650 _aEverything
650 _aabout
690 _aMarketing Management
906 _a066055
999 _c146817
_d146817